La solidaridad como pedagogía: el aprendizaje - servicio en la escuela

Uloženo v:
Podrobná bibliografie
Hlavní autor: Tapia, María Nieves (Autor)
Médium: Kniha
Jazyk:španělština
Vydáno: Buenos Aires Ciudad Nueva 2001
Vydání:2a. ed
Témata:
Tagy: Přidat tag
Žádné tagy, Buďte první, kdo vytvoří štítek k tomuto záznamu!

MARC

LEADER 00000cam a2200000 a 4500
001 UCE5069
003 CL-VaPUC
008 141127e20010200ag |||||||||||||||||spa|d
020 |a 9505861389 
082 0 4 |a 370.114  |b TAP  |2 21 
100 0 |a Tapia, María Nieves  |e author  |9 577569 
245 1 3 |a La solidaridad como pedagogía: el aprendizaje - servicio en la escuela 
250 |a 2a. ed 
300 |a 312 p 
942 |c BK 
945 |d 20141127 16:34:00  |a arojas 
260 |a Buenos Aires  |b Ciudad Nueva  |c 2001 
650 0 |a Solidaridad  |9 259208 
650 0 |a Educación moral  |9 308319 
650 0 |a Valores morales   |9 310604 
583 |a last modification  |c 20170912 12:24:22  |k Rodrigo Vera 
999 |c 357892  |d 357890